Controversia en la región del Canal Beagle: laudo arbitral

Guardado en:
Detalles Bibliográficos
Autor Corporativo: República de Chile (Autor)
Formato: Libro
Lenguaje:español
inglés
Publicado: Ginebra Atar 1977
Edición:1a. ed
Materias:
Etiquetas: Agregar Etiqueta
Sin Etiquetas, Sea el primero en etiquetar este registro!

MARC

LEADER 00000nam a2200000 a 4500
001 UCT9131
003 CL-VaPUC
008 970404e19770000SZ |||||||||||||||||spa|d
041 0 7 |a spa  |2 CL-VaPUC 
041 0 7 |a eng  |2 CL-VaPUC 
082 0 4 |a 341.522  |b REP  |2 21 
110 2 |a República de Chile  |e author  |9 381528 
245 1 0 |a Controversia en la región del Canal Beagle: laudo arbitral 
246 1 0 |a Controversy concerning the Beagle Channel region: award 
250 |a 1a. ed 
300 |a 498 p 
942 |c BK 
945 |d 19970404 00:00:00  |a cmena 
260 |a Ginebra  |b Atar  |c 1977 
500 |a Incluye mapas 
500 |a Edición bilingüe con notas, cartas y documentos adicionales 
650 0 |a Fronteras  |9 338773 
650 0 |a Tratados internacionales   |9 256056 
650 0 |a Arbitraje  |9 328491 
650 0 |a Historia de Chile  |9 265473 
650 0 |a Fuentes Históricas  |9 265141 
650 0 |a Problemas limítrofes  |9 266724 
650 0 |a Relaciones Internacionales  |9 255740 
650 0 |a Negociaciones internacionales  |9 358691 
650 7 |a DERECHOS TERRITORIALES  |2 CL-VaPUC  |9 266725 
650 0 |a Derechos y priviliegios  |9 338404 
651 0 |a Canal Beagle   |9 266960 
651 0 |a Argentina  |9 254888 
651 7 |a CHILE  |2 CL-VaPUC  |9 381530 
583 |a last modification  |c 19970404 00:00:00  |k Rodrigo Vera 
999 |c 257552  |d 257550 
952 |0 0  |1 0  |4 0  |6 341_522000000000000_REP_1977  |7 0  |8 A  |9 281079  |a BIBDER  |b BIBDER  |d 2019-11-19  |i 1823159  |o 341.522 REP 1977  |p 1823159  |r 2023-01-25  |w 2019-11-19  |y BK  |k DER 
952 |0 0  |1 0  |4 0  |6 341_522000000000000_REP_1977  |7 0  |8 X  |9 281080  |a FDOBUD  |b FDOBUD  |d 2019-11-19  |i 1061151  |o 341.522 REP 1977  |p 1061151  |r 2019-11-19  |w 2019-11-19  |y BK_X  |k BUD